000 00473nam a22001937a 4500
003 MPLRDC
005 20220104124517.0
008 210129b ||||| |||| 00| 0 eng d
020 _a7-80655-823-3
082 _a414.3 LFL
100 _a刘飞龙 编著
245 _a优质营养全书
_c
250 _a一版二刷
260 _a中国
_b广州出版社
_c2005
300 _b223
490 _a时尚生活资讯库
650 _a中药材
942 _cBK
_o414.3 LFL
999 _c19916
_d19906